002470000a220007300045001000026000002450086000263000047001127730014001591 aAmmicht Quinn, Regina10aEs sagrada la dignidad? Al ser humano, la máquina y el debate sobre la dignidad avol.300, num.300 (2003), Páginas 215-2280 tConcilium